El trabajo comunitario y sus retos, algunos aportes esenciales /

Guardado en:
Bibliografiske detaljer
Hovedforfatter: Carratalá, Yahima
Format: Bog
Sprog:Spanish
Tags: Tilføj Tag
Ingen Tags, Vær først til at tagge denne postø!

MARC

LEADER 00000nam a22000007a 4500
003 cru CIDCACS/IIS
005 20191025111752.0
007 ta
008 191025s2016 cu |||p|r|||| 00| ||spa|d
999 |c 42548  |d 42548 
040 |c cru CIDCACS/IIS 
100 1 |9 8745  |a Carratalá, Yahima 
245 1 3 |a El trabajo comunitario y sus retos, algunos aportes esenciales /  |c Yahima Carratalá 
300 |a páginas 38-42 
773 0 |0 41970  |9 2978  |a Centro Memorial Dr. Martin Luther King, Jr  |d La Habana, Cuba: Centro Memorial Dr. Martin Luther King, Jr,  |o 17975  |t Caminos:  |x 10257733 
942 |2 ddc  |c PP